[Event "SLO-chT2 East"]
[Site "Velenje"]
[Date "2006.10.02"]
[Round "6"]
[White "Supancic, Gorazd"]
[Black "Kotnik, Franc"]
[Result "1/2-1/2"]
[WhiteElo "2009"]
[BlackElo "1993"]
[PlyCount "27"]
[EventDate "2006.05.21"]
[EventType "team"]
[EventRounds "9"]
[EventCountry "SLO"]
[SourceTitle "EXT 2008"]
[Source "ChessBase"]
[SourceDate "2007.11.25"]
[SourceVersion "1"]
[SourceVersionDate "2007.11.25"]
[SourceQuality "1"]

1. e4 d6 2. Bc4 Nf6 3. Nc3 c6 4. d3 e5 5. h3 Nbd7 6. Nge2 b5 7. Bb3 Nc5 8. 0-0 a5 9. a3 Be6 10. Bxe6 Nxe6 11. f4 Be7 12. fxe5 dxe5 13. Ng3 g6 14. Be3 1/2-1/2

[Event "SLO-chT2 East"]
[Site "Velenje"]
[Date "2005.10.28"]
[Round "6"]
[White "Muzlovic, Anastazij"]
[Black "Kotnik, Franc"]
[Result "0-1"]
[WhiteElo "1896"]
[BlackElo "2022"]
[PlyCount "74"]
[EventDate "2005.05.27"]
[EventType "team"]
[EventRounds "9"]
[EventCountry "SLO"]
[SourceTitle "EXT 2009"]
[Source "ChessBase"]
[SourceDate "2008.11.26"]
[SourceVersion "1"]
[SourceVersionDate "2008.11.26"]
[SourceQuality "1"]

1. e3 e5 2. c4 Nc6 3. Nc3 Nf6 4. Nf3 d5 5. d4 exd4 6. Nxd4 Nxd4 7. Qxd4 Bb4 8. Qe5+ Kf8 9. Bd2 Bd6 10. Qg5 h6 11. Qh4 g5 12. Qd4 c5 13. Qd3 dxc4 14. Qxc4 Be6 15. Qa4 a6 16. Qc2 Qc7 17. h3 Re8 18. 0-0-0 b5 19. Kb1 b4 20. Na4 c4 21. f3 Rc8 22. Be1 a5 23. Bf2 Kg7 24. e4 Nd7 25. Qd2 Bf4 26. Qd4+ Be5 27. Qa7 c3 28. bxc3 bxc3 29. Kc2 Qxa7 30. Bxa7 Rc7 31. Bd4 Bxa2 32. Bxe5+ Nxe5 33. Rd5 Bxd5 34. exd5 Rd8 35. Be2 Rxd5 36. Rd1 Rxd1 37. Bxd1 Nc4 0-1

[Event "SLO-chT2 East"]
[Site "Velenje"]
[Date "2005.09.29"]
[Round "3"]
[White "Supancic, Gorazd"]
[Black "Kotnik, Franc"]
[Result "1/2-1/2"]
[WhiteElo "2025"]
[BlackElo "2022"]
[PlyCount "58"]
[EventDate "2005.05.27"]
[EventType "team"]
[EventRounds "9"]
[EventCountry "SLO"]
[SourceTitle "EXT 2009"]
[Source "ChessBase"]
[SourceDate "2008.11.26"]
[SourceVersion "1"]
[SourceVersionDate "2008.11.26"]
[SourceQuality "1"]

1. e4 g6 2. c4 Bg7 3. d4 d6 4. Nf3 c5 5. Nc3 cxd4 6. Nxd4 Nc6 7. Be3 Nf6 8. Be2 Bd7 9. 0-0 Qc8 10. Rc1 Ng4 11. Bxg4 Bxg4 12. f3 Bd7 13. b3 Nxd4 14. Bxd4 Bxd4+ 15. Qxd4 Qc5 16. Qxc5 dxc5 17. Nd5 Rc8 18. Rfd1 Bc6 19. Ne3 f6 20. Rd2 Kf7 21. Rcd1 Ke6 22. Kf2 h5 23. Nd5 Bxd5 24. Rxd5 Rc6 25. Ke2 g5 26. R1d2 h4 27. Rd7 Rb8 28. Rd8 Rcc8 29. Rxc8 Rxc8 1/2-1/2

[Event "SLO-chT2E"]
[Site "Velenje"]
[Date "2004.11.21"]
[Round "8"]
[White "Kotnik, Franc"]
[Black "Mitrovic, Boris"]
[Result "1-0"]
[WhiteElo "1997"]
[BlackElo "2003"]
[PlyCount "51"]
[EventDate "2004.11.01"]
[EventType "team"]
[EventRounds "9"]
[EventCountry "SLO"]
[SourceTitle "EXT 2008"]
[Source "ChessBase"]
[SourceDate "2007.11.25"]
[SourceVersion "1"]
[SourceVersionDate "2007.11.25"]
[SourceQuality "1"]

1. d4 e6 2. Nf3 Nf6 3. c4 b6 4. g3 Bb7 5. Bg2 h6 6. 0-0 d5 7. Nc3 a6 8. Ne5 c6 9. a3 Bd6 10. e4 dxe4 11. Nxe4 Nxe4 12. Bxe4 Qc7 13. Re1 0-0 14. Qh5 f5 15. Bg2 Nd7 16. Nd3 Rae8 17. Qg6 Nf6 18. Bxh6 c5 19. dxc5 Bxg2 20. cxd6 Qb7 21. Qxg7+ Qxg7 22. Bxg7 Kxg7 23. Kxg2 Ne4 24. d7 Rd8 25. Ne5 Nc5 26. Rad1 1-0